000 00989nam a2200253 a 4500
001 70939
003 BD-RjUL
005 20211209082045.0
008 170423s1981 bg a|||| |||| 000 0 ben d
020 _c: Tk. 20.00
035 _a(BD-RjUL)71153
040 _aBD-RjUL
_bben
_cBD-RjUL
_dBD-RjUL
041 _aben
082 _223
_a571.6
_bSWJ 1981
100 1 _aসোয়ানসন, কার্ল পি.
_9209932
245 1 0 _aজীবকোষ /
_cকার্ল পি. সোয়ানসন ; তপন চক্রবর্তী- অনুবাদক
260 _aঢাকা :
_bবাংরা একাডেমী,
_c১৯৮১ [১৩৮৮]
300 _a১৬৮ পৃ. :
_bচিত্র. ;
_c২৭ সেমি.
504 _aগ্রন্থপঞ্জি সংযুক্ত
650 _aকোষ বিদ্যা
_9209933
650 _aCell biology
_9160295
700 _aচক্রবর্তী, তপন
_9147779
942 _2ddc
_cBK
999 _c70939
_d70939